000 00417nam a2200157Ia 4500
003 GCL
008 140319s9999 xx 000 0 ara d
040 _aGCL /
_cGCL
082 0 4 _aد
_b050
100 1 _aبنت الشاطى
245 1 0 _aارض المعجزات (اقرا 104 ) /
_cبنت الشاطى
300 _a124
490 _aاقرأ
_v0
650 0 4 _aشبه الجزيرة العربية
942 _2ddc
_cBK
999 _c48557
_d48557